000 01986nam a2200493 i 4500
001 30903
003 KOSZ 005
005 20240405063052.0
008 180315s1995 pl g f |100 0 eng
015 _aPB 2004/2500
020 _a8386213434
040 _aWA N
_cWA N
_dKOSZ 005/RW
041 0 _aeng
_afre
_ager
_aspa
080 _a355
080 _a94
080 _a323.27
080 _a(061)
111 2 _aInternational Colloquium of Military History
_n(20 ;
_d1994 ;
_cWarszawa).
245 1 0 _aXX. International Colloquium of Military History, 28 August-3 September 1994, Warsaw-Poland :
_bnational insurgence movements science 1794 = XXe Colloque International d'Histoire Militaire : insurections nationales depuis 1794 : acta /
_c[editorial staff: Tadeusz Panecki, Urszula Olech ; Polish Commision of Military History].
246 3 1 _aXXe Colloque International d'Histoire Militaire.
246 3 _aInternational Colloquium of Military History, 20.
260 _aWarsaw :
_bPRS,
_c1995.
300 _a[12], 497 stron ;
_c24 cm.
336 _aTekst
_btxt
_2rdacontent
337 _aBez urządzenia pośredniczącego
_bn
_2rdamedia
338 _aWolumin
_bnc
_2rdacarrier
380 _aKsiążki.
380 _aPublikacje naukowe
500 _aTytuł równoległy: XXe Colloque International d'Histoire Militaire.
504 _aBibliografie przy referatach.
546 _aTekst w języku angielskim, francuskim, hiszpańskim i niemieckim.
658 _aHistoria
658 _aBezpieczeństwo i wojskowość
648 4 _a1701-1800
648 4 _a1801-1900
648 4 _a1901-2000
655 4 _aMateriały konferencyjne
650 4 _aWojsko
650 4 _aRuchy społeczne
700 1 _aOlech, Urszula.
_eRedakcja
700 1 _aPanecki, Tadeusz
_d(1951- )
_eRedakcja
856 _uhttp://koha.tu.koszalin.pl/cgi-bin/koha/opac-detail.pl?biblionumber=30903
_yKatalog online BPK
942 _2UKD
_cKS
999 _c30903
_d30903